000 01714nam a2200361 c 4500
003 BLK
005 20180420235212.0
008 180411b bul|||||r ||||||| ||bul||
010 _aKNG00177130000
020 _a978-954-730-885-5
_bиздат.: Сиби
040 _aBLK
041 _aBUL
_cBUL
072 7 _2bullib
_aН34
_xПраво Н
080 _aСъдопроизводство (Съдебна процедура). Съдоустройство (Организация на съдилищата и прокуратурата). Вж и 343. 1;344;348
_b347.9
_x(4-6)(062.2)
_z347.9(4-6)(062.2)
700 1 _aИванова, Иванка Петкова
_eсъстав. и прев.
_9338107
139 _aЗа ролята на правосъдието в Европейския съюз
_bЗ 11
245 1 0 _aЗа ролята на правосъдието в Европейския съюз
_bМатериали от европ.конф., Брюксел, 21 - 22 ноем. 2013 г.
_cсъстав. и прев. Иванка Петкова Иванова.
257 _aBEL
260 София
_bСиби
_c2014
_fСофия : Скайпринт
300 _a56 с.
_c21 см
380 _a3
500 _aОриг. загл.: Les assises de la justice. - Изд. на Институт Отворено о-во
650 4 _aПравосъдие - Европа
_9338108
653 _aсъдоустройство
653 _aправосъдие
653 _aЕвропейски съюз
659 _aН
852 _aЦб 274915
856 4 _qpdf
_u
856 4 _qpdf
_u
942 _cKNG
_n0
944 _aCR
_c25.06.2015
_kВиолета_Тройчева
944 _aED
_c10.11.2015
_kГеновева_Генчева
999 _c169145
_d169145